MARC details
| 000 -LEADER |
| fixed length control field |
05096cam a2200505 i 4500 |
| 001 - CONTROL NUMBER |
| control field |
on1340739795 |
| 003 - CONTROL NUMBER IDENTIFIER |
| control field |
OCoLC |
| 005 - DATE AND TIME OF LATEST TRANSACTION |
| control field |
20240620195749.0 |
| 006 - FIXED-LENGTH DATA ELEMENTS--ADDITIONAL MATERIAL CHARACTERISTICS |
| fixed length control field |
m o d |
| 007 - PHYSICAL DESCRIPTION FIXED FIELD--GENERAL INFORMATION |
| fixed length control field |
cr |n||||||||| |
| 008 - FIXED-LENGTH DATA ELEMENTS--GENERAL INFORMATION |
| fixed length control field |
220813s2022 enk ob 001 0 eng d |
| 040 ## - CATALOGING SOURCE |
| Original cataloging agency |
YDX |
| Language of cataloging |
eng |
| Description conventions |
pn |
| -- |
rda |
| Transcribing agency |
YDX |
| Modifying agency |
JSTOR |
| -- |
OCLCF |
| -- |
UKKNU |
| -- |
WAU |
| -- |
UKAHL |
| -- |
UKMGB |
| -- |
OCL |
| -- |
SFB |
| -- |
OCLCO |
| -- |
OCLCL |
| 015 ## - NATIONAL BIBLIOGRAPHY NUMBER |
| National bibliography number |
GBC2A4077 |
| Source |
bnb |
| 016 7# - NATIONAL BIBLIOGRAPHIC AGENCY CONTROL NUMBER |
| Record control number |
020642510 |
| Source |
Uk |
| 020 ## - INTERNATIONAL STANDARD BOOK NUMBER |
| International Standard Book Number |
9780745344867 |
| Qualifying information |
(electronic bk.) |
| 020 ## - INTERNATIONAL STANDARD BOOK NUMBER |
| International Standard Book Number |
0745344860 |
| Qualifying information |
(electronic bk.) |
| 020 ## - INTERNATIONAL STANDARD BOOK NUMBER |
| International Standard Book Number |
9780745344843 |
| Qualifying information |
(ePub ebook) |
| 020 ## - INTERNATIONAL STANDARD BOOK NUMBER |
| International Standard Book Number |
0745344844 |
| 020 ## - INTERNATIONAL STANDARD BOOK NUMBER |
| Canceled/invalid ISBN |
0745344828 |
| 020 ## - INTERNATIONAL STANDARD BOOK NUMBER |
| Canceled/invalid ISBN |
9780745344829 |
| 020 ## - INTERNATIONAL STANDARD BOOK NUMBER |
| Canceled/invalid ISBN |
0745344836 |
| 020 ## - INTERNATIONAL STANDARD BOOK NUMBER |
| Canceled/invalid ISBN |
9780745344836 |
| 035 ## - SYSTEM CONTROL NUMBER |
| System control number |
(OCoLC)1340739795 |
| Canceled/invalid control number |
(OCoLC)1343102801 |
| 037 ## - SOURCE OF ACQUISITION |
| Stock number |
22573/ctv2th5sw1 |
| Source of stock number/acquisition |
JSTOR |
| 050 #4 - LIBRARY OF CONGRESS CALL NUMBER |
| Classification number |
HC79.P6 |
| 100 1# - MAIN ENTRY--PERSONAL NAME |
| Personal name |
Bernards, Nick, |
| Relator term |
author. |
| Authority record control number or standard number |
http://id.loc.gov/authorities/names/n2018002065 |
| 245 12 - TITLE STATEMENT |
| Title |
A critical history of poverty finance : |
| Remainder of title |
colonial roots and neoliberal failures / |
| Statement of responsibility, etc. |
Nick Bernards. |
| 264 #1 - PRODUCTION, PUBLICATION, DISTRIBUTION, MANUFACTURE, AND COPYRIGHT NOTICE |
| Place of production, publication, distribution, manufacture |
London : |
| Name of producer, publisher, distributor, manufacturer |
Pluto Press, |
| Date of production, publication, distribution, manufacture, or copyright notice |
2022. |
| 300 ## - PHYSICAL DESCRIPTION |
| Extent |
1 online resource (xi, 219 pages) |
| 336 ## - CONTENT TYPE |
| Content type term |
text |
| Content type code |
txt |
| Source |
rdacontent |
| 337 ## - MEDIA TYPE |
| Media type term |
computer |
| Media type code |
c |
| Source |
rdamedia |
| 338 ## - CARRIER TYPE |
| Carrier type term |
online resource |
| Carrier type code |
cr |
| Source |
rdacarrier |
| 520 ## - SUMMARY, ETC. |
| Summary, etc. |
Starting from the recent rise of much-hyped 'fintech' (financial technologies) solutions for development finance, which have been heralded by the World Bank/IMF/G20 etc as a silver bullet in the fight against poverty, this monograph provides a critical historical context of development finance from a post-colonial perspective. Whilst engaging with the specific weaknesses of the most recent trends of mobile technologies, microinsurance etc in 'Digital Financial Inclusion' efforts, author Nick Bernards explains how and why these suffer from the same shortcomings as previous iterations of neoliberal 'financial inclusion', namely that they all rely on and ultimately reinforce existing patters of inequality and uneven development, many of which date back to the first days of colonialism; and that they rely on artificially created markets that simply aren't there among the world's most disadvantaged economic actors. The critical assessment of fintech is certainly one selling point of this book, though its major original contribution lies in providing the broader backdrop of why this type of quintessentially neoliberal pipe dream of poverty alleviation cannot work and never has. Bernards puts fintech in the lineage of efforts led in particular by colonial administrations in Africa and South Asia since the 1930s, and then later by the World Bank in the 1970s, whose underlying principles can be traced back to the first guiding principles of colonial rule. The book hence offers both, an astute analysis of the current fintech fad as well as a thorough and detailed colonial history of development finance. The book would be clearly an academic monograph, and I guess could conceivably be priced even higher than suggested here. Having said that, I found Nick's writing style to be eminently readable and actually potentially capable of drawing in some of the elusive 'interested general public' readership. Nick's home discipline is international politics, but his regional specialism is sub-Saharan Africa, which I think is apparent in his writing that seems just as informed by on-the-ground experiences as by theoretical analysis. He is Canadian and still has decent ties there (PhD at McMaster in 2016). Might be worth asking Fernwood/BTL if they'd be interested in a co-pub. In sum, I think this could be a low-risk, solid title that sits well at the intersections of development and postcolonial studies as well as critiques of neoliberal economics and digital capitalism. |
| 504 ## - BIBLIOGRAPHY, ETC. NOTE |
| Bibliography, etc. note |
Includes bibliographical references (pages 189-215) and index. |
| 505 0# - FORMATTED CONTENTS NOTE |
| Formatted contents note |
Acknowledgements -- Acronyms -- Introduction -- Part I. Poverty finance and the antinomies of colonialism1. A colonial problem -- 2. Poverty finance and nascent neoliberalism -- 3. Structural adjustment, backlash, and the turn to the local: Explaining the rise of microfinance -- Part II. Making markets for poverty finance -- 4. Commercialising community: Experiments with marketisation -- 5. From microcredit to financial inclusion -- Part III. Innovation to the rescue? -- 6. The forever-latent demand for microinsurance -- 7. Fintech and its limits -- Conclusion -- Notes -- Bibliography -- Index. |
| 590 ## - LOCAL NOTE (RLIN) |
| Local note |
JSTOR |
| Provenance (VM) [OBSOLETE] |
Books at JSTOR Open Access |
| 650 #0 - SUBJECT ADDED ENTRY--TOPICAL TERM |
| Topical term or geographic name entry element |
Poverty. |
| Authority record control number or standard number |
http://id.loc.gov/authorities/subjects/sh85105939 |
| 650 #0 - SUBJECT ADDED ENTRY--TOPICAL TERM |
| Topical term or geographic name entry element |
Economic policy. |
| Authority record control number or standard number |
http://id.loc.gov/authorities/subjects/sh85040837 |
| 650 #0 - SUBJECT ADDED ENTRY--TOPICAL TERM |
| Topical term or geographic name entry element |
Development economics. |
| Authority record control number or standard number |
http://id.loc.gov/authorities/subjects/sh94005272 |
| 650 #0 - SUBJECT ADDED ENTRY--TOPICAL TERM |
| Topical term or geographic name entry element |
Financial services industry |
| General subdivision |
Technological innovations. |
| 758 ## - |
| -- |
has work: |
| -- |
CRITICAL HISTORY OF POVERTY FINANCE (Text) |
| -- |
https://id.oclc.org/worldcat/entity/E39PCXmv8cjb9dPRwFgyFPjhBP |
| -- |
https://id.oclc.org/worldcat/ontology/hasWork |
| 856 40 - ELECTRONIC LOCATION AND ACCESS |
| Uniform Resource Identifier |
<a href="https://www.jstor.org/stable/10.2307/j.ctv2tjd6qs">https://www.jstor.org/stable/10.2307/j.ctv2tjd6qs</a> |
| 942 ## - ADDED ENTRY ELEMENTS (KOHA) |
| Koha item type |
E-Book |
| 994 ## - |
| -- |
92 |
| -- |
PHURS |